01704nam a2200277zi 4500001001900000003000600019007000300025008004100028020003500069035002700104035002400131040003800155100002700193245002500220264003800245264008600283300001400369520082500383650001901208650003801227650002401265655002101289942000801310952009301318999001501411991025388794707026UkOxUta221129e202303uuxxk g |||||||0|f eng|d a9781837860067 (pbk.) :cĐ9.99 a(UK-WkNB)9781837860067 a(StEdALDL)1/4265900 aUK-WkNBbengcUK-WkNBerdadUkOxU aRuNyx,eauthor.92503210aGothikana c/ RuNyx. 1bRebellion Publishing Ltd.,c2023. 2aGB :bHarperCollins Distribution Services,c[date of distribution not identified] c400 pages aCorvina Clemm is a woman with secrets. The last thing she expects to receive is an admission letter from the University of Verenmore, a place just as secretive. A castle atop a mountain, Verenmore is steeped in shadows, deceit and death, a place where students have been disappearing every five years for over a century. As Corvina becomes caught up in unravelling the clues to solve the mystery, her path collides with Vad Deverell, her enigmatic professor. Vad, too, is a man with secrets. And he cannot allow Corvina to get close enough to discover what he hides. But whenever she is near, his heart and soul yearn to possess her. As Corvina and Vad become more and more entangled, their passion for each other could be the very thing to solve the mystery of Verenmore - or it could bring them both down in flames. 0aFantasy911322 0aRomantic suspense fiction.922937 0aDark Romance925033 0aRomantasy925034 2lcc 00102lcc4070aTBSbTBSd2025-03-25l0oP-EN RUNpB05931r2025-03-25t1w2025-03-25y1 c4586d4586